Ingredients in Worcestershire Sauce Quiz Stats

 Plays Quiz Updated Feb 20, 2020

Support Sporcle.
Go Orange.
Score 0/23 Timer 04:00
0 Plays Today
% Correct
salt
90.8%
salt
90.8%
chili pepper extract
81%
spirit vinegar
68.9%
malt vinegar (from barley)
68.9%
vinegar
68.8%
water
68%
high fructose corn syrup
57.3%
sugar
56%
garlic
46%
garlic
46%
onions
42.6%
% Correct
onions
42.6%
anchovies
31.7%
anchovies
31.7%
spice
25.9%
molasses
21.2%
molasses
21.2%
natural flavorings
19.1%
flavouring
18.4%
tamarind extract
10.3%
tamarind concentrate
10.2%
cloves
10.2%

You're not logged in!

Compare scores with friends on all Sporcle quizzes.
OR
Log In

From the Vault

Really Tough Math Challenge

by Ubbiebubbie

Yeah, this math quiz is so tough you probably shouldn't even attempt it.
Remove Ads.
Support Sporcle.
Get the best of Sporcle when you Go Orange. This ad-free experience offers more features, more stats, and more fun while also helping to support Sporcle. Thank you for becoming a member.

Show Comments

Extras

Top Quizzes Today


Score Distribution

Your Account Isn't Verified!

In order to create a playlist on Sporcle, you need to verify the email address you used during registration. Go to your Sporcle Settings to finish the process.

Report this User

Report this user for behavior that violates our Community Guidelines.

Details: